000 nam a22 7a 4500
999 _c9830
_d9830
008 180208b ||||| |||| 00| 0 eng d
100 _aAusten, J
_9192
245 _aSense end Sensibilty
260 _aLondon
_bwordsworth publication
_c2007